Spiele mit höchstem E-Sport Preisgeld - Statistiken

Allgemein
  • Dieses Quiz wurde 113 mal gespielt
  • Das Durchschnittsergebnis liegt bei 6 aus 20
Antwortstatistiken
Geld in $ Spiel % Korrekt
192,915,482 Fortnite
93%
116,693,866 League of Legends
87%
162,737,245 Counter-Strike: Global Offensive
68%
13,854,809 Call of Duty: Warzone
61%
32,701,184 VALORANT
53%
365,924,784 Dota 2
44%
43,417,662 Rocket League
34%
66,987,707 PLAYERUNKNOWN’S BATTLEGROUNDS
28%
27,123,317 Counter-Strike 2
27%
35,274,412 Overwatch
27%
42,731,386 StarCraft II
21%
49,365,252 Rainbow Six Siege
19%
26,803,237 Apex Legends
12%
31,231,683 Hearthstone
7%
18,466,719 Heroes of the Storm
3%
17,019,451 Mobile Legends: Bang Bang
2%
87,444,954 PLAYERUNKNOWN'S BATTLEGROUNDS Mobile
2%
109,438,707 Arena of Valor
0%
25,408,357 CrossFire
0%
18,141,992 Free Fire
0%
Keine übereinstimmenden Quizze gefunden
Verteilung der Resultate
Anzahl Personen mit jedem Resultat
Perzentil nach korrekt beantworteten Fragen
Ihre Resultats-Entwicklung
Sie haben dieses Quiz noch nicht gespielt